| 000 | 01429cam a2200337 a 4500 | ||
|---|---|---|---|
| 001 | 15490421 | ||
| 005 | 20100114142400.0 | ||
| 008 | 081020s2009 enkabe b 001 0 eng | ||
| 010 | _a 2008044377 | ||
| 015 |
_aGBA923771 _2bnb |
||
| 016 | 7 |
_a014921901 _2Uk |
|
| 020 | _a9780470017555 (cloth) | ||
| 020 | _a0470017554 (cloth) | ||
| 035 | _a(OCoLC)ocn263065378 | ||
| 040 |
_aDLC _cDLC _dBTCTA _dUKM _dYDXCP _dBWKUK _dBWK _dCDX _dDLC |
||
| 050 | 0 | 0 |
_aTA658.44 _b.S44 2009 |
| 082 | 0 | 0 |
_a624.1762 _222 _bSEN |
| 100 | 1 |
_aSen, Tapan K. _911994 |
|
| 245 | 1 | 0 |
_aFundamentals of seismic loading on structures / _cTapan K. Sen. |
| 260 |
_aChichester, U.K. : _bWiley, _cc.2009. |
||
| 300 |
_axviii, 384 p. : _bill., maps, plans ; _c26 cm. |
||
| 500 | _aIncludes Index. | ||
| 504 | _aIncludes bibliographical references and index. | ||
| 650 | 0 |
_aEarthquake resistant design. _911995 |
|
| 650 | 0 |
_aEarthquake hazard analysis. _911996 |
|
| 650 | 0 |
_aStrains and stresses. _911997 |
|
| 942 |
_2ddc _cBB |
||
| 999 |
_c13532 _d13532 |
||